1491 1104 1391 1114 1504 1395 1151 1170 1230 1885 1949 1293 1752 1959 1168 1889 1739 1014 1869 1791 1118 1449 1318 1372 1257 1816 1852 1448 1695 1883 1907 1523 1766 1774 1666 1005 1751 1053 1074 1616 1683 1538 1541 1137 1393 1099 1793 1944 1159 1191 1282 1609 1652 1101 1087 1058 1149 1304 1582 1926 1463 1273 1646 1814 1935 1631 1202 1250 1902 1581 1069 1760 1235 1909 1506 1791 1859 1224 1280 1310 1043 1433 1180 1099 1035 1071 1319 1324 1895 1371 1067 1369 1225 1432 1631 1722 1684 1920 1838 BCNSPRNW ULIB Ver.6.0+V

เปลี่ยนเป็นภาษาไทย

Change to English
 แสดงรายละเอียดบรรณานุกรม
  กลับหน้าหลัก

Brief Record : Get Marc (ISO 2709) : E-mail record : QR code < ปิดหน้าต่าง
LEADER : 00000nam 2200000uu 4500
001    13399126122
003     ULIB
008    180611s2014||||th 000 0 tha d
020    ^a9781438074566 (book with audio CD)
050  0 ^aPE3235^bL735B
100 1  ^aLougheed, Lin
245 10 ^aBarron The Leader in Test Preparation Writing for the TOEFL iBT /^cLin Lougheed
246 30 ^aThe Leader in Test Preparation IELTS
250    ^a5Th ed.
260    ^aHauppauge, N.Y. :^bBarron Educational Series,^c2014
300    ^a1audio CD :^bsd.,col ;^c4 3/4 in.^e1book
490 0  ^aIELTS Superpack
590    ^aPurchase-E-17
650  0 ^aInternational English Language Testing System^vStudy guides
650  0 ^aEnglish language^vTextbooks for foreign speakers
650  0 ^aEnglish language^xExaminations^vStudy guides
650  0 ^aVocabulary^xExaminations^vStudy guides
850    ^aPSUCL
945    ^p770^l0^i004212
945    ^p770^l0^i004213
999    ^aวรรณษา ชูชัยมงคล
รายการนี้ยังไม่มีแท็ก
คุณยังไม่ได้ล็อกอิน คุณสามารถมีกิจกรรมร่วมกับเว็บไซต์ได้ แต่ต้องล็อกอินก่อน ::
  ล็อกอิน

รายการสื่อสารสนเทศ

ลำดับที่ ประเภท เลขเรียก/บาร์โค้ด สถานที่ สถานะ
1. วิทยาศาสตร์การแพทย์ และสุขภาพ
หนังสือสำรอง
สถานะ=หนังสือสำรอง
PE3235 L735B ฉ.1 
  Barcode: 004212
ห้องสมุดวิทยาเขตนครสวรรค์
►นวนิยาย:l:Fiction
บนชั้น
2. วิทยาศาสตร์การแพทย์ และสุขภาพ
วิทยาศาสตร์การแพทย์ และสุขภาพ
PE3235 L735B ฉ.2 
  Barcode: 004213
ห้องสมุดวิทยาเขตนครสวรรค์
►นวนิยาย:l:Fiction
ถูกยืม กำหนดส่งวันที่ 11 เมษายน 2568
  จอง

รายการใกล้เคียง
    ผู้แต่ง [Lougheed, Lin]

BibComment


ยังไม่เคยถูกคอมเมนท์

คอมเมนท์ทรัพยากรรายการนี้
  คอมเมนท์: Barron The Leade..


 Copyright 2026. Bcnsprnw @Library